000 00761nam a2200229 a 4500
001 14011
003 BD-JhCC
005 20240523125428.0
008 240523b2021 b |||| ||a| 000 0 b d
020 _a9789849541325
035 _a(BD-JhCC)14011
040 _aBD-JhCC
_dBD-JhCC
041 _abengali
082 _a891.4415
_bKAB 2021
245 _aকাব্যে লিখি স্বপ্ন /
_cসম্পা: কাজী মোহাম্মদ শিহাবুদ্দীন।
260 _aঢাকা:
_bনপ্র প্রকাশনী;
_c2021.
300 _a64 p. :
_c22 cm.
651 _aBengali Poem.
700 _a শিহাবুদ্দীন,কাজী মোহাম্মদ
942 _2ddc
_cBK
999 _c14011
_d14011